'Christmas Time Is Here' Lyrics Quiz Stats

 Plays Quiz Updated Oct 4, 2017

Challenge
Share
Tweet
Embed
Score 0/68 Timer 05:00
2 Plays Today
% Correct
Christmas
98%
time
98%
time
98%
Christmas
98%
time
98%
is
97.9%
is
97.9%
here.
97.4%
here.
97.4%
the
81.3%
the
81.3%
the
81.3%
the
81.3%
and
75.9%
and
75.9%
and
75.9%
And
75.9%
Oh,
70.1%
cheer
66.8%
of
64.2%
Of
64.2%
in
62.3%
in
62.3%
year.
60.3%
year.
60.3%
for
58.3%
all
56.2%
we
52.2%
to
51.7%
Families/We'll Be
47.8%
Happiness
45.1%
air
43.6%
air
43.6%
children
41.9%
% Correct
that
41%
that
41%
everywhere
40.6%
everywhere
40.6%
favorite
39.1%
love
38.7%
Their
35.4%
there.
32.7%
bells
31.6%
Snowflakes
31.5%
by
30.7%
Carols
30.6%
call,
30.2%
Fun
30%
near
30%
Sleigh
28.1%
see
27.5%
could
26.4%
through
25.6%
times
24.2%
fireside
23.4%
Yuletide
23.4%
always
22.5%
joyful
22.5%
Beauty
22.3%
share.
22.3%
ancient
20.5%
rhymes
20.3%
Olden
20%
spirit
19%
Such
18.8%
memories
18.6%
dreams
18.2%
drawing
18%

You're not logged in!

Compare scores with friends on all Sporcle quizzes.
OR
Log In

You Might Also Like...

Show Comments

Extras

Top Quizzes Today


Score Distribution

Your Account Isn't Verified!

In order to create a playlist on Sporcle, you need to verify the email address you used during registration. Go to your Sporcle Settings to finish the process.

Report this User

Report this user for behavior that violates our Community Guidelines.

Details: